000 00690nam a2200193Ia 4500
003 LDD
008 190117s9999 xx 000 0 und d
020 _a978817774373
_c₹250
040 _cLDD
041 _ahi
082 _a8H3.7 ना1664पा
100 _aनागर, विष्णु
245 0 _aपापा मैं गरीब बनूँगा
_b कहानी संग्रह
_cविष्णु नागर
260 _aइलाहबाद
_bसाहित्य भण्डार
_c2015
300 _a124p.
901 _aKGP
904 _aReqst by : Jitendra Kumar Srivasta
942 _2ddc
_cH
999 _c162215
_d162215